000 00775nam a22002177a 4500
999 _c370884
_d370884
008 201130b ||||| |||| 00| 0 eng d
040 _bger
_cDE-2950
_erda
_aDE-2950
041 _ager
100 _aRichter Jörg:
245 _aFrankfurter Sportlerin ist Medaillenhoffnung.
_bRingen: Gleich drei Frauen schickt der Bundesstützpunkt zur WM nach Oslos. Eine von ihnen ist Lisa Ersel./
_cRichter Jörg
264 _c2021
653 _aFrankfurt (Oder)
653 _aRingen
653 _aBundesstützpunkt
653 _aWM
773 _dFrankfurt (Oder): Märkisches Verlags- und Druckhaus GmbH & Co KG
_g32. Jahrgang (2021) Nr. 229 vom 01.10.2021, S. 21
_tMärkische Oderzeitung
942 _cA